La ville mystère - France - Statistiques

Statistiques générales
  • Ce quiz a été pris 342 fois
  • Le résultat moyen est 12 sur 15
Statistiques - réponses
Indices Ville % Correct
La vie rose - Le Capitole Toulouse
99%
La Canebière - Notre Dame de la Garde Marseille
98%
La baie des anges - La promenade des Anglais Nice
98%
La moutarde - Le cassis Dijon
97%
Alain Juppé en est le maire Bordeaux
95%
La ville lumière Paris
94%
Place Bellecour - Fourvière Lyon
91%
Sa cathédrale - Son champagne Reims
91%
Cité des papes Avignon
87%
Place Stanislas Nancy
78%
Louis Nicollin adorait cette ville Montpellier
72%
La Venise des Alpes Annecy
70%
L'île longue Brest
43%
Le rocher de la vierge Biarritz
40%
La douceur de son clmat Angers
28%
Aucun quiz correspondant
Distribution des résultats
% des personnes avec chaque résultat
Percentile par nombre de réponses
Votre historique - résultats
Vous n’avez pas pris ce quiz